[Event "Titled Tuesday intern op 06th May Early"]
[Site "Chess.com INT"]
[Date "2025.05.06"]
[Round "11"]
[White "Jaskolka, Tomasz"]
[Black "Vedant, Nitin Vekhande"]
[Result "1-0"]
[WhiteElo "2200"]
[BlackElo "2167"]
[PlyCount "49"]
[EventDate "2025.05.06"]
[EventType "swiss (blitz)"]
[EventRounds "11"]
[EventCountry "USA"]
[SourceTitle "CB20_2025"]
[SourceDate "2025.05.14"]
[SourceVersion "1"]
[SourceVersionDate "2025.05.14"]
[SourceQuality "1"]

1. e4 c5 2. Nf3 Nc6 3. b4 e5 4. b5 Nd4 5. c3 Nxf3+ 6. Qxf3 Nf6 7. Bc4 d6 8. d3 Be6 9. Bg5 Be7 10. 0-0 Nd7 11. Be3 0-0 12. Nd2 Bg5 13. Bxe6 fxe6 14. Qg4 Be7 15. Qxe6+ Kh8 16. Nc4 Rf6 17. Qh3 Nf8 18. f4 exf4 19. Rxf4 Ng6 20. Rf5 Rxf5 21. Qxf5 Bf6 22. d4 cxd4 23. cxd4 Ne7 24. Qe6 d5 25. Nd6 1-0

[Event "Titled Tuesday intern op 06th May Early"]
[Site "Chess.com INT"]
[Date "2025.05.06"]
[Round "1"]
[White "Odegov, Artem"]
[Black "Vedant, Nitin Vekhande"]
[Result "1/2-1/2"]
[WhiteElo "2244"]
[BlackElo "2167"]
[PlyCount "135"]
[EventDate "2025.05.06"]
[EventType "swiss (blitz)"]
[EventRounds "11"]
[EventCountry "USA"]
[SourceTitle "CB20_2025"]
[SourceDate "2025.05.14"]
[SourceVersion "1"]
[SourceVersionDate "2025.05.14"]
[SourceQuality "1"]

1. d4 Nf6 2. Nf3 d5 3. c4 e6 4. Qc2 c6 5. Nbd2 Bd6 6. g3 0-0 7. Bg2 Nbd7 8. 0-0 Re8 9. Rd1 Nf8 10. e4 dxe4 11. Nxe4 Nxe4 12. Qxe4 Ng6 13. h4 h6 14. h5 Ne7 15. Ne5 Bxe5 16. Qxe5 Nf5 17. Bf4 Qf6 18. Qxf6 gxf6 19. d5 cxd5 20. cxd5 e5 21. Bd2 Kg7 22. Rac1 b6 23. Rc7 Nd4 24. d6 Bg4 25. Bxa8 Bxd1 26. Bd5 Bxh5 27. Bb4 Rd8 28. a4 a5 29. Ba3 Bg6 30. g4 Bc2 31. Bxf7 Bxa4 32. Be8+ Kg8 33. Bxa4 b5 34. d7 Kf7 35. Bd1 b4 36. Ra7 bxa3 37. bxa3 Nc6 38. Rc7 Nd4 39. Ba4 Ke7 40. Ra7 Ne6 41. Rxa5 Nd4 42. Rd5 Ne2+ 43. Kf1 Nc3 44. Ra5 Nxa4 45. Rxa4 Rxd7 46. Ra8 Rd1+ 47. Kg2 Ra1 48. Ra7+ Ke6 49. Rh7 Rxa3 50. Rxh6 Ra4 51. Kg3 Rf4 52. f3 Kf7 53. Rh7+ Kg6 54. Rc7 Rd4 55. Rc8 Rd7 56. Rg8+ Kf7 57. Rb8 Kg6 58. Rb6 Rd4 59. Rc6 Rf4 60. Rd6 Ra4 61. Rd1 Ra3 62. Re1 Kg5 63. Re2 Rb3 64. Re1 Rc3 65. Re2 Rb3 66. Re1 Rb2 67. Ra1 Rb3 68. Re1 1/2-1/2

[Event "Titled Tuesday intern op 06th May Early"]
[Site "Chess.com INT"]
[Date "2025.05.06"]
[Round "7"]
[White "Sharapov, Evgeny"]
[Black "Vedant, Nitin Vekhande"]
[Result "1-0"]
[WhiteElo "2375"]
[BlackElo "2167"]
[PlyCount "147"]
[EventDate "2025.05.06"]
[EventType "swiss (blitz)"]
[EventRounds "11"]
[EventCountry "USA"]
[SourceTitle "CB20_2025"]
[SourceDate "2025.05.14"]
[SourceVersion "1"]
[SourceVersionDate "2025.05.14"]
[SourceQuality "1"]

1. e4 c5 2. Nf3 d6 3. d4 cxd4 4. Nxd4 Nf6 5. f3 g6 6. c4 Bg7 7. Nc3 0-0 8. Be3 Nc6 9. Be2 Bd7 10. 0-0 Rc8 11. Qd2 Ne5 12. b3 a6 13. a4 Nc6 14. Nd5 Be6 15. Rac1 Nd7 16. Nxe6 fxe6 17. Nf4 Kf7 18. Nxe6 Qa5 19. Nxf8 Qxd2 20. Bxd2 Kxf8 21. Be3 Nc5 22. Rb1 Bd4 23. Kf2 a5 24. Rfd1 e5 25. Rd2 Ke7 26. Bxd4 Nxd4 27. Bd1 Rc6 28. Ke3 Nde6 29. b4 axb4 30. Rxb4 Ra6 31. Rdb2 Nd8 32. g3 Kd7 33. f4 Kc7 34. h4 Nc6 35. h5 Nxb4 36. Rxb4 Ra8 37. h6 Rf8 38. Bg4 Kd8 39. a5 Kc7 40. Rb5 Rg8 41. fxe5 Re8 42. exd6+ Kxd6 43. Bf3 Re7 44. Rb6+ Kc7 45. Kd4 Ne6+ 46. Ke5 Nd8+ 47. Kf4 Ne6+ 48. Ke3 Ng5 49. Bg2 Nf7 50. Rf6 Nxh6 51. Kd4 Ng4 52. Rb6 Ne5 53. Kd5 Nc6 54. c5 Nxa5 55. e5 Nc6 56. e6 Re8 57. Bh3 Rd8+ 58. Kc4 Rd4+ 59. Kc3 Rd5 60. Kc4 Rd4+ 61. Kc3 Re4 62. Kd3 Re5 63. Rb2 Rxc5 64. Re2 Rd5+ 65. Kc4 Rd4+ 66. Kc3 Rd5 67. e7 Rc5+ 68. Kd2 Rd5+ 69. Ke1 Nxe7 70. Rxe7+ Kb6 71. Bg2 Rg5 72. Rxb7+ Kc5 73. Rb3 Kd4 74. Kf2 1-0

[Event "Titled Tuesday intern op 06th May Early"]
[Site "Chess.com INT"]
[Date "2025.05.06"]
[Round "3"]
[White "Vedant, Nitin Vekhande"]
[Black "Gorovets, Andrey"]
[Result "0-1"]
[WhiteElo "2167"]
[BlackElo "2461"]
[PlyCount "158"]
[EventDate "2025.05.06"]
[EventType "swiss (blitz)"]
[EventRounds "11"]
[EventCountry "USA"]
[SourceTitle "CB20_2025"]
[SourceDate "2025.05.14"]
[SourceVersion "1"]
[SourceVersionDate "2025.05.14"]
[SourceQuality "1"]

1. e4 e5 2. Nf3 Nc6 3. Bb5 Nf6 4. d3 Bc5 5. 0-0 Nd4 6. Nxd4 Bxd4 7. c3 Bb6 8. Nd2 c6 9. Ba4 0-0 10. Nf3 Re8 11. Bg5 h6 12. Bh4 d6 13. Bb3 Bg4 14. h3 Bh5 15. g4 Bg6 16. Bg3 Nh7 17. Nh4 Qf6 18. Kg2 d5 19. f4 exf4 20. Rxf4 Qe6 21. Nxg6 fxg6 22. exd5 cxd5 23. Qf3 Rad8 24. Re4 dxe4 25. Bxe6+ Rxe6 26. Qe2 Rxd3 27. Rd1 Rxd1 28. Qxd1 Nf8 29. Kf1 Rf6+ 30. Ke2 Rf3 31. Qd5+ Kh7 32. Qd6 Re3+ 33. Kf1 Rd3 34. Qxf8 Rxg3 35. Qe7 Rf3+ 36. Ke1 Rxh3 37. Qxb7 Rh1+ 38. Ke2 Rh2+ 39. Ke1 e3 40. Qe4 Rxb2 41. a4 Ra2 42. Qb4 e2 43. Qc4 Rb2 44. Qd3 Bc7 45. Qe3 Bd6 46. Qd3 Be7 47. Qg3 Bf6 48. Kf2 Rc2 49. Qd3 Bxc3 50. Qxc2 e1Q+ 51. Kg2 Qd2+ 52. Qxd2 Bxd2 53. Kf3 Ba5 54. Ke4 h5 55. Kf3 hxg4+ 56. Kxg4 Kg8 57. Kg5 Kf7 58. Kf4 Bc3 59. Kg4 Bf6 60. Kf4 Ke6 61. Ke4 Kd6 62. Kf4 Kc6 63. Kg4 Kb6 64. Kf3 Ka5 65. Kg4 Kxa4 66. Kf3 Kb3 67. Kg3 a5 68. Kg4 a4 69. Kf3 a3 70. Kg3 a2 71. Kg4 a1Q 72. Kf3 Qe5 73. Kg4 Kc4 74. Kh3 Kd5 75. Kg2 Ke6 76. Kh3 Kf5 77. Kg2 Kg4 78. Kh1 Kg3 79. Kg1 Qe1# 0-1

[Event "Titled Tuesday intern op 06th May Early"]
[Site "Chess.com INT"]
[Date "2025.05.06"]
[Round "6"]
[White "Vedant, Nitin Vekhande"]
[Black "Karamsetty, Jeevan"]
[Result "1-0"]
[WhiteElo "2167"]
[BlackElo "2244"]
[PlyCount "97"]
[EventDate "2025.05.06"]
[EventType "swiss (blitz)"]
[EventRounds "11"]
[EventCountry "USA"]
[SourceTitle "CB20_2025"]
[SourceDate "2025.05.14"]
[SourceVersion "1"]
[SourceVersionDate "2025.05.14"]
[SourceQuality "1"]

1. e4 e5 2. Nf3 Nc6 3. Bb5 a6 4. Bxc6 dxc6 5. d4 exd4 6. Qxd4 Qxd4 7. Nxd4 Nf6 8. f3 Bc5 9. Be3 0-0 10. c3 Re8 11. Nc2 Bxe3 12. Nxe3 Be6 13. Na3 b5 14. Nac2 c5 15. Kf2 a5 16. a4 b4 17. c4 Rad8 18. Rhd1 c6 19. b3 g5 20. Rxd8 Rxd8 21. Rd1 Rb8 22. Rd6 Rc8 23. Ne1 Kf8 24. Rd2 Ke7 25. Nd3 Nd7 26. g4 f6 27. Kg3 h5 28. h4 hxg4 29. hxg5 gxf3 30. gxf6+ Kxf6 31. Kxf3 Rf8 32. Rf2 Ke7+ 33. Ke2 Rh8 34. Nf4 Rh1 35. Rf1 Rh2+ 36. Rf2 Rh1 37. Rf1 Rh7 38. Ng6+ Kd6 39. Nf4 Bf7 40. Nf5+ Ke5 41. Ke3 Rh2 42. Rd1 Nf6 43. Nd3+ Ke6 44. Nxc5+ Ke5 45. Nd3+ Ke6 46. Nf4+ Ke5 47. Nd6 Bh5 48. Rd3 Bg4 49. Nf7# 1-0

[Event "Titled Tuesday intern op 25th Mar Early"]
[Site "Chess.com INT"]
[Date "2025.03.25"]
[Round "11"]
[White "Shukhman, Anna"]
[Black "Vedant, Nitin Vekhande"]
[Result "1/2-1/2"]
[WhiteElo "2365"]
[BlackElo "2167"]
[PlyCount "89"]
[EventDate "2025.03.25"]
[EventType "swiss (blitz)"]
[EventRounds "11"]
[EventCountry "USA"]
[SourceTitle "CB14_2025"]
[SourceDate "2024.11.01"]
[SourceVersion "1"]
[SourceVersionDate "2024.11.01"]
[SourceQuality "1"]

1. e4 c5 2. Nf3 d6 3. d4 cxd4 4. Nxd4 Nf6 5. Nc3 g6 6. Be3 Bg7 7. f3 0-0 8. Qd2 Nc6 9. Bc4 Bd7 10. 0-0-0 Rc8 11. Bb3 Ne5 12. Kb1 Nc4 13. Bxc4 Rxc4 14. h4 b5 15. h5 b4 16. Nd5 Nxd5 17. exd5 Qa5 18. Nb3 Qc7 19. Bh6 Bf5 20. Na1 b3 21. axb3 Bxh6 22. Qxh6 Rxc2 23. Nxc2 Bxc2+ 24. Kc1 Bxd1+ 25. Kxd1 Qb7 26. hxg6 Qxd5+ 27. Ke1 Qe6+ 28. Kf2 Qxg6 29. Qe3 Rc8 30. Re1 Rc2+ 31. Re2 Rxe2+ 32. Qxe2 Qe6 33. Qc2 Qe5 34. Qc8+ Kg7 35. Qg4+ Kf6 36. Qh4+ Ke6 37. Qc4+ Qd5 38. Qc8+ Kf6 39. Qh8+ Ke6 40. Qc8+ Kf6 41. Qh8+ Kg6 42. Qg8+ Kh6 43. Qf8+ Kg6 44. Qg8+ Kf6 45. Qh8+ 1/2-1/2

[Event "Titled Tuesday intern op 25th Mar Early"]
[Site "Chess.com INT"]
[Date "2025.03.25"]
[Round "6"]
[White "Vedant, Nitin Vekhande"]
[Black "Pechy, Alaster"]
[Result "1-0"]
[WhiteElo "2167"]
[BlackElo "2098"]
[PlyCount "85"]
[EventDate "2025.03.25"]
[EventType "swiss (blitz)"]
[EventRounds "11"]
[EventCountry "USA"]
[SourceTitle "CB14_2025"]
[SourceDate "2024.11.01"]
[SourceVersion "1"]
[SourceVersionDate "2024.11.01"]
[SourceQuality "1"]

1. e4 c5 2. Nf3 Nc6 3. Bb5 g6 4. 0-0 Bg7 5. c3 Nf6 6. e5 Nd5 7. d4 cxd4 8. cxd4 0-0 9. Nc3 Nxc3 10. bxc3 d6 11. Re1 dxe5 12. Bxc6 bxc6 13. Nxe5 Qc7 14. Ba3 Be6 15. Qa4 Rfc8 16. Bc5 a5 17. Rab1 Bd5 18. Rb6 f6 19. Nd3 e5 20. dxe5 fxe5 21. c4 Bf7 22. Be3 Rab8 23. Reb1 Rxb6 24. Bxb6 Qd7 25. Qc2 Qe6 26. Rc1 g5 27. Nc5 Qe7 28. Ne4 Bg6 29. Bxa5 Qa7 30. Bc3 Qa3 31. f3 Ra8 32. Ra1 g4 33. Qb3 Qa7+ 34. c5+ Kh8 35. Qc4 Qa3 36. Rd1 gxf3 37. gxf3 h6 38. Rd6 Kh7 39. Rd7 Qc1+ 40. Kg2 Qc2+ 41. Kg3 Bxe4 42. fxe4 Qxe4 43. Qxe4+ 1-0

[Event "Titled Tuesday intern op 11th Mar Early"]
[Site "Chess.com INT"]
[Date "2025.03.11"]
[Round "6"]
[White "Dushyant, Sharma"]
[Black "Vedant, Nitin Vekhande"]
[Result "0-1"]
[WhiteElo "2313"]
[BlackElo "2167"]
[PlyCount "80"]
[EventDate "2025.03.11"]
[EventType "swiss (blitz)"]
[EventRounds "11"]
[EventCountry "USA"]
[SourceTitle "CB12_2025"]
[SourceDate "2025.03.19"]
[SourceVersion "1"]
[SourceVersionDate "2025.03.19"]
[SourceQuality "1"]

1. e4 c5 2. Nf3 Nc6 3. d4 cxd4 4. Nxd4 e5 5. Nb3 Nf6 6. Nc3 Bb4 7. Bd3 d5 8. exd5 Nxd5 9. 0-0 Nxc3 10. bxc3 Bxc3 11. Ba3 Bxa1 12. Qxa1 Be6 13. f4 Bxb3 14. axb3 Qd4+ 15. Qxd4 exd4 16. Re1+ Kd7 17. Bf5+ Kc7 18. Bb2 Rhe8 19. Rd1 g6 20. Bg4 Rad8 21. Bf3 f5 22. h4 a6 23. Kf2 Kb6 24. Bxc6 Kxc6 25. g3 Re4 26. Rd2 Rd5 27. Kf3 b5 28. h5 a5 29. hxg6 hxg6 30. g4 Re3+ 31. Kf2 fxg4 32. Bxd4 Rf3+ 33. Kg2 Rxf4 34. c3 b4 35. Rc2 Kd7 36. Be3 Rf3 37. c4 Rxe3 38. cxd5 Rxb3 39. Rc5 a4 40. Ra5 a3 0-1

[Event "Titled Tuesday intern op 11th Mar Early"]
[Site "Chess.com INT"]
[Date "2025.03.11"]
[Round "7"]
[White "Kalinin, Nikita An"]
[Black "Vedant, Nitin Vekhande"]
[Result "1-0"]
[WhiteElo "2333"]
[BlackElo "2167"]
[PlyCount "57"]
[EventDate "2025.03.11"]
[EventType "swiss (blitz)"]
[EventRounds "11"]
[EventCountry "USA"]
[SourceTitle "CB12_2025"]
[SourceDate "2025.03.19"]
[SourceVersion "1"]
[SourceVersionDate "2025.03.19"]
[SourceQuality "1"]

1. e4 c5 2. Nf3 d6 3. Bb5+ Nc6 4. c3 Nf6 5. Qe2 a6 6. Ba4 b5 7. Bc2 e5 8. h3 Be7 9. 0-0 0-0 10. Rd1 d5 11. exd5 Qxd5 12. d3 Bb7 13. Nbd2 Rad8 14. Ne4 Nxe4 15. dxe4 Qe6 16. Be3 f6 17. Bxc5 Na5 18. Bxe7 Qxe7 19. a4 Qc7 20. axb5 axb5 21. Qxb5 Rxd1+ 22. Bxd1 Ra8 23. b4 Nc6 24. Rxa8+ Bxa8 25. Bb3+ Kf8 26. Qc5+ Ke8 27. Qd5 Qe7 28. Ba4 Qd7 29. Qg8+ 1-0

[Event "Titled Tuesday intern op 11th Mar Early"]
[Site "Chess.com INT"]
[Date "2025.03.11"]
[Round "4"]
[White "Korchynskyi, Mykola"]
[Black "Vedant, Nitin Vekhande"]
[Result "1-0"]
[WhiteElo "2284"]
[BlackElo "2167"]
[PlyCount "95"]
[EventDate "2025.03.11"]
[EventType "swiss (blitz)"]
[EventRounds "11"]
[EventCountry "USA"]
[SourceTitle "CB12_2025"]
[SourceDate "2025.03.19"]
[SourceVersion "1"]
[SourceVersionDate "2025.03.19"]
[SourceQuality "1"]

1. d4 Nf6 2. Nf3 d5 3. c4 Bf5 4. Nc3 e6 5. Bf4 c6 6. e3 Nbd7 7. Bd3 Bxd3 8. Qxd3 Be7 9. 0-0 0-0 10. Rfe1 Re8 11. Rac1 Nf8 12. b3 Ng6 13. Bg3 Bd6 14. e4 Bxg3 15. hxg3 dxe4 16. Nxe4 e5 17. Nxf6+ Qxf6 18. dxe5 Nxe5 19. Nxe5 Rxe5 20. Qd7 g6 21. Rxe5 Qxe5 22. Qxb7 Rd8 23. Qxa7 Rd2 24. Qa8+ Kg7 25. Qxc6 Qb2 26. Rf1 Qxa2 27. b4 Rc2 28. c5 Qc4 29. Qd6 Rc1 30. Qe5+ Kg8 31. Re1 f6 32. Qe8+ Kg7 33. Qe7+ Kg8 34. Qe3 Rc2 35. Qe8+ Kg7 36. Qe7+ Kg8 37. Qxf6 Rc1 38. Qd8+ Kg7 39. Qe7+ Kg8 40. Qe3 Rc2 41. Qe8+ Kg7 42. Re7+ Kh6 43. Qf8+ Kh5 44. Re5+ g5 45. Qe8+ Kh6 46. Re6+ Kg7 47. Qd7+ Kg8 48. Re8# 1-0

[Event "Titled Tuesday intern op 11th Mar Early"]
[Site "Chess.com INT"]
[Date "2025.03.11"]
[Round "3"]
[White "Vedant, Nitin Vekhande"]
[Black "Volkov, Maksim"]
[Result "1-0"]
[WhiteElo "2167"]
[BlackElo "2325"]
[PlyCount "83"]
[EventDate "2025.03.11"]
[EventType "swiss (blitz)"]
[EventRounds "11"]
[EventCountry "USA"]
[SourceTitle "CB12_2025"]
[SourceDate "2025.03.19"]
[SourceVersion "1"]
[SourceVersionDate "2025.03.19"]
[SourceQuality "1"]

1. e4 c5 2. Nf3 d6 3. d4 cxd4 4. Nxd4 Nf6 5. Nc3 a6 6. Be2 e5 7. Nb3 Be7 8. 0-0 0-0 9. Kh1 Be6 10. f4 exf4 11. Bxf4 Nc6 12. Bf3 Ne5 13. Nd5 Nxd5 14. exd5 Bf5 15. Nd4 Bg6 16. b3 Bf6 17. Rc1 Rc8 18. Be2 Re8 19. c4 Bg5 20. Bxg5 Qxg5 21. Nf3 Qe3 22. Nxe5 Rxe5 23. Bf3 Rce8 24. h3 h5 25. b4 b6 26. Qa4 Bd3 27. Rfd1 Bxc4 28. Rxc4 b5 29. Qxa6 bxc4 30. Qxc4 Qf2 31. Kh2 h4 32. Qg4 Re1 33. Rxe1 Rxe1 34. Qc8+ Kh7 35. Qf5+ g6 36. Qxf7+ Kh6 37. Qf8+ Kg5 38. Qd8+ Kf5 39. Qd7+ Ke5 40. Qg7+ Kf4 41. Qf7+ Ke3 42. Qa7+ 1-0

[Event "Titled Tuesday intern op 04th Mar Early"]
[Site "Chess.com INT"]
[Date "2025.03.04"]
[Round "7"]
[White "Karvatskyi, Oleksii"]
[Black "Vedant, Nitin Vekhande"]
[Result "0-1"]
[WhiteElo "2114"]
[BlackElo "2167"]
[PlyCount "70"]
[EventDate "2025.03.04"]
[EventType "swiss (blitz)"]
[EventRounds "11"]
[EventCountry "USA"]
[SourceTitle "CB11_2025"]
[SourceDate "2025.03.12"]
[SourceVersion "1"]
[SourceVersionDate "2025.03.12"]
[SourceQuality "1"]

1. Nc3 d5 2. e4 d4 3. Nce2 e5 4. c3 c5 5. Ng3 Nc6 6. Bc4 Be6 7. Bxe6 fxe6 8. d3 Nf6 9. Nf3 h6 10. 0-0 Bd6 11. Nh4 g5 12. Nf3 Qe7 13. Nd2 Bc7 14. a4 0-0-0 15. Nc4 Rdg8 16. Nh5 g4 17. Nxf6 Qxf6 18. b4 cxb4 19. cxb4 Nxb4 20. Ba3 Nc6 21. Rc1 h5 22. Bd6 h4 23. Bxc7 Kxc7 24. Na5 h3 25. Qb3 Rb8 26. Qb5 hxg2 27. Rxc6+ bxc6 28. Qxc6+ Kd8 29. Qd6+ Ke8 30. Qxb8+ Kf7 31. Qc7+ Kg6 32. Rb1 Qf4 33. h4 Rxh4 34. Qxe5 Rh1+ 35. Kxg2 Qf3# 0-1

[Event "Titled Tuesday intern op 25th Feb Early"]
[Site "Chess.com INT"]
[Date "2025.02.25"]
[Round "10"]
[White "Vedant, Nitin Vekhande"]
[Black "Paikens, Reinis"]
[Result "1-0"]
[WhiteElo "2167"]
[BlackElo "2202"]
[PlyCount "117"]
[EventDate "2025.02.25"]
[EventType "swiss (blitz)"]
[EventRounds "11"]
[EventCountry "USA"]
[SourceTitle "CB10_2025"]
[SourceDate "2025.03.05"]
[SourceVersion "1"]
[SourceVersionDate "2025.03.05"]
[SourceQuality "1"]

1. e4 c5 2. Nf3 d6 3. d4 cxd4 4. Nxd4 Nf6 5. Nc3 g6 6. Be3 Nc6 7. f3 h5 8. Qd2 Nxd4 9. Bxd4 Bh6 10. Be3 Bxe3 11. Qxe3 Be6 12. Bb5+ Kf8 13. 0-0-0 Qa5 14. Kb1 Rc8 15. Qd3 Kg7 16. Nd5 Bxd5 17. exd5 Rc5 18. Bc4 Rhc8 19. Bb3 b5 20. c3 Qb6 21. Rhe1 R8c7 22. Re3 a5 23. a3 b4 24. axb4 axb4 25. c4 Ra5 26. Rde1 Qa7 27. h3 Nxd5 28. Re4 Nf6 29. R4e2 d5 30. Qe3 dxc4 31. Qxa7 Rcxa7 32. Bxc4 e6 33. Kc2 Rc7 34. Kb3 Rac5 35. Bd3 Nd5 36. Rc2 Nf4 37. Rxc5 Rxc5 38. Bf1 Nd5 39. Bc4 Nf4 40. Bf1 h4 41. Re4 g5 42. Kxb4 Rc1 43. Bc4 Nxg2 44. Rg4 Ne3 45. Rxg5+ Kf6 46. Rc5 Ke7 47. Bd3 Nd5+ 48. Kb5 Rh1 49. Be4 Nf4 50. Rc7+ Kf6 51. b4 Rxh3 52. Rc8 Rh1 53. Rh8 h3 54. Rh4 Kg5 55. Rg4+ Kh5 56. Rxf4 h2 57. Rxf7 Kg5 58. Rh7 Kf4 59. Kb6 1-0

[Event "Titled Tuesday intern op 25th Feb Early"]
[Site "Chess.com INT"]
[Date "2025.02.25"]
[Round "2"]
[White "Vedant, Nitin Vekhande"]
[Black "Zvereva, Marija"]
[Result "1-0"]
[WhiteElo "2167"]
[BlackElo "2001"]
[PlyCount "53"]
[EventDate "2025.02.25"]
[EventType "swiss (blitz)"]
[EventRounds "11"]
[EventCountry "USA"]
[SourceTitle "CB10_2025"]
[SourceDate "2025.03.05"]
[SourceVersion "1"]
[SourceVersionDate "2025.03.05"]
[SourceQuality "1"]

1. e4 c5 2. Nf3 Nc6 3. Bb5 d6 4. c3 Bd7 5. Ba4 g6 6. 0-0 Bg7 7. d4 cxd4 8. cxd4 Nh6 9. h3 0-0 10. Nc3 a6 11. a3 b5 12. Bb3 Na5 13. Ba2 Rc8 14. Bf4 Kh8 15. Qe2 Nc4 16. Rfd1 f5 17. e5 Nxa3 18. e6 Bc6 19. bxa3 Qa5 20. Nd5 Rfe8 21. Ng5 Qxa3 22. Nf7+ Nxf7 23. exf7 Rf8 24. Nxe7 Rc7 25. Nxc6 Rxc6 26. Bd5 Rcc8 27. Rxa3 1-0

[Event "Titled Tuesday intern op 11th Feb Early"]
[Site "Chess.com INT"]
[Date "2025.02.11"]
[Round "3"]
[White "Lai, Duc Minh1"]
[Black "Vedant, Nitin Vekhande"]
[Result "1-0"]
[WhiteElo "2073"]
[BlackElo "2167"]
[PlyCount "81"]
[EventDate "2025.02.11"]
[EventType "swiss (blitz)"]
[EventRounds "11"]
[EventCountry "USA"]
[SourceTitle "CB08_2025"]
[SourceDate "2025.02.19"]
[SourceVersion "1"]
[SourceVersionDate "2025.02.19"]
[SourceQuality "1"]

1. c4 e5 2. Nc3 Nc6 3. g3 Nf6 4. Bg2 Bc5 5. e3 Nb4 6. d3 d5 7. a3 d4 8. axb4 Bxb4 9. Qa4+ c6 10. Qxb4 dxc3 11. Qxc3 0-0 12. Ne2 Bg4 13. h3 Bf5 14. e4 Be6 15. 0-0 Nd7 16. f4 f6 17. Be3 c5 18. b4 b6 19. b5 Qc7 20. Ra3 Rfb8 21. Rfa1 Rb7 22. f5 Bf7 23. g4 h6 24. h4 Kf8 25. g5 hxg5 26. hxg5 Ke7 27. Ng3 Rh8 28. Bf3 Qb8 29. Kg2 g6 30. Rh1 Rxh1 31. Kxh1 fxg5 32. Bxg5+ Nf6 33. Kg2 Rd7 34. Qa1 Qc7 35. Qh1 Rd6 36. Qh8 Qd7 37. fxg6 Bxg6 38. Qg7+ Kd8 39. Bxf6+ Kc7 40. Qxg6 Kb7 41. Qg7 1-0

[Event "Titled Tuesday intern op 11th Feb Early"]
[Site "Chess.com INT"]
[Date "2025.02.11"]
[Round "1"]
[White "Vedant, Nitin Vekhande"]
[Black "Cumpe, Lucas"]
[Result "0-1"]
[WhiteElo "2167"]
[BlackElo "2294"]
[PlyCount "156"]
[EventDate "2025.02.11"]
[EventType "swiss (blitz)"]
[EventRounds "11"]
[EventCountry "USA"]
[SourceTitle "CB08_2025"]
[SourceDate "2025.02.19"]
[SourceVersion "1"]
[SourceVersionDate "2025.02.19"]
[SourceQuality "1"]

1. e4 c5 2. Nf3 e6 3. d3 d5 4. Nbd2 Nc6 5. g3 g6 6. Bg2 Bg7 7. 0-0 Nge7 8. Re1 0-0 9. e5 Qc7 10. Qe2 b5 11. Nf1 d4 12. h4 h6 13. h5 g5 14. N1h2 Nd5 15. Ng4 Bb7 16. Bxg5 hxg5 17. Nxg5 Bxe5 18. Nxe5 Nxe5 19. Qxe5 Qxe5 20. Rxe5 f6 21. Rxe6 fxg5 22. Rg6+ Kh8 23. Rh6+ Kg7 24. Rg6+ Kf7 25. Rxg5 Rad8 26. Re1 Rd7 27. Ree5 Nf6 28. Bh3 Re7 29. Rxc5 Re1+ 30. Bf1 Bf3 31. Rce5 Re8 32. Rxe8 Rxe8 33. Rf5 Bxh5 34. Rxb5 Bf3 35. Rf5 Bg4 36. Rf4 Re1 37. Kg2 Be6 38. Rxd4 Bxa2 39. b3 Bb1 40. c4 a5 41. Rd6 Bc2 42. Ra6 Bxb3 43. Rxa5 Rc1 44. Ra3 Bd1 45. d4 Ke6 46. d5+ Ke5 47. Re3+ Kd4 48. Rd3+ Kc5 49. d6 Nd7 50. Rd5+ Kc6 51. Bd3 Bc2 52. Be2 Be4+ 53. Bf3 Bxd5 54. cxd5+ Kxd6 55. Be4 Nf6 56. f3 Nxe4 57. fxe4 Ke5 58. Kf3 Rc3+ 59. Kg4 Kxe4 60. d6 Rd3 61. Kh5 Kf5 62. g4+ Kf6 63. g5+ Kg7 64. g6 Rxd6 65. Kg5 Rxg6+ 66. Kf5 Ra6 67. Kf4 Ra5 68. Ke3 Kf6 69. Kd3 Ke5 70. Kd2 Ra4 71. Kd1 Kd4 72. Ke1 Ra2 73. Kf1 Ke3 74. Kg1 Kf3 75. Kh1 Rb2 76. Kg1 Rc2 77. Kh1 Kg3 78. Kg1 Rc1# 0-1

[Event "Titled Tuesday intern op 11th Feb Early"]
[Site "Chess.com INT"]
[Date "2025.02.11"]
[Round "10"]
[White "Vedant, Nitin Vekhande"]
[Black "Matyunin, Maxim"]
[Result "1/2-1/2"]
[WhiteElo "2167"]
[BlackElo "2099"]
[PlyCount "138"]
[EventDate "2025.02.11"]
[EventType "swiss (blitz)"]
[EventRounds "11"]
[EventCountry "USA"]
[SourceTitle "CB09_2025"]
[SourceDate "2025.02.27"]
[SourceVersion "1"]
[SourceVersionDate "2025.02.27"]
[SourceQuality "1"]

1. e4 e6 2. d3 d5 3. Nd2 c5 4. g3 Nc6 5. Bg2 Nf6 6. Ngf3 Be7 7. 0-0 0-0 8. Re1 b5 9. e5 Nd7 10. Nf1 Bb7 11. h4 Qc7 12. Bf4 Rae8 13. h5 h6 14. N1h2 Qb6 15. Qd2 Kh7 16. Ng4 f5 17. exf6 Nxf6 18. Nxf6+ Rxf6 19. Ne5 Nxe5 20. Bxe5 Rf7 21. Kh2 d4 22. Be4+ Bxe4 23. Rxe4 Ref8 24. f4 Bd6 25. Rae1 Bxe5 26. Rxe5 Rf5 27. Qg2 Kh8 28. R1e4 Rxe5 29. Rxe5 c4 30. Qe4 cxd3 31. cxd3 Rf6 32. f5 Qc7 33. Rxe6 Qc2+ 34. Kh3 Qd1 35. Kh4 Qd2 36. Rxf6 Qg5+ 37. Kh3 Qxh5+ 38. Kg2 gxf6 39. g4 Qg5 40. Kf3 Qg7 41. Qxd4 h5 42. gxh5 Kh7 43. Qg4 Qb7+ 44. Kg3 Qc7+ 45. Kh3 Qe5 46. Qg6+ Kh8 47. h6 Qe3+ 48. Kg4 Qe2+ 49. Kf4 Qf2+ 50. Ke4 Qe2+ 51. Kd4 Qxb2+ 52. Kc5 Qe5+ 53. Kb4 Qd4+ 54. Ka5 Qb6+ 55. Kb4 a5+ 56. Kc3 Qc5+ 57. Kd2 Qf2+ 58. Kc3 b4+ 59. Kc4 Qc2+ 60. Kd5 Qxd3+ 61. Ke6 Qc4+ 62. Ke7 Qc7+ 63. Kf8 Qd8+ 64. Kf7 Qd7+ 65. Kxf6 Qd6+ 66. Kf7 Qd7+ 67. Kf6 Qd6+ 68. Kg5 Qg3+ 69. Kf6 Qd6+ 1/2-1/2

[Event "Titled Tuesday intern op 04th Feb Early"]
[Site "Chess.com INT"]
[Date "2025.02.04"]
[Round "5"]
[White "Bettalli, Francesco"]
[Black "Vedant, Nitin Vekhande"]
[Result "1-0"]
[WhiteElo "2351"]
[BlackElo "2167"]
[PlyCount "75"]
[EventDate "2025.02.04"]
[EventType "swiss (blitz)"]
[EventRounds "11"]
[EventCountry "USA"]
[SourceTitle "CB07_2025"]
[SourceDate "2025.02.12"]
[SourceVersion "1"]
[SourceVersionDate "2025.02.12"]
[SourceQuality "1"]

1. Nf3 c5 2. b3 d5 3. e3 Nc6 4. Bb2 Nf6 5. Bb5 Bf5 6. 0-0 e6 7. Ne5 Rc8 8. d3 Bd6 9. Nd2 Qc7 10. f4 h5 11. Qe1 a6 12. Bxc6+ bxc6 13. Qh4 Rh7 14. Ndf3 Ng4 15. Ng5 Bxe5 16. Bxe5 Qe7 17. Qe1 Rh8 18. Bxg7 Rg8 19. Bb2 f6 20. Nf3 Qg7 21. g3 Qh7 22. Nh4 Kf7 23. Qe2 c4 24. bxc4 dxc4 25. e4 cxd3 26. cxd3 Bg6 27. f5 Bxf5 28. exf5 e5 29. d4 Rge8 30. Qc4+ Kg7 31. dxe5 Qh6 32. exf6+ Kh7 33. Qf7+ Kh8 34. Ng6+ Qxg6 35. fxg6 Rc7 36. g7+ Kh7 37. g8Q+ Kh6 38. Qgg6# 1-0